000
00324nam a2200145Ia 4500
005
20251222140026.0
008
251222s1900||||xx |||||||||||||| ||spa||
020
_a
9788875414733
082
_a
270/Z86
100
_a
Zorzin, Massimo
245
0
_a
Aquileia:
250
_a
1ra. ed.
264
_b
Gaspari Editore
942
_c
LIB
999
_c
2797
_d
2797